Heisman Top 4 Since 2010 - Statistics

General Stats
  • This quiz has been taken 266 times
  • The average score is 40 of 56
Answer Stats
Year School First Place % Correct
2023 LSU Jayden Daniels
99%
2023 Washington Michael Penix
99%
2023 Oregon Bo Nix
98%
2022 USC Caleb Williams
98%
2020 Alabama DeVonta Smith
96%
2020 Clemson Trevor Lawrence
96%
2019 LSU Joe Burrow
95%
2013 Boston College Andre Williams
92%
2017 Oklahoma Baker Mayfield
92%
2016 Oklahoma Baker Mayfield
92%
2015 Oklahoma Baker Mayfield
92%
2022 Ohio State CJ Stroud
92%
2021 Ohio State CJ Stroud
92%
2021 Alabama Bryce Young
91%
2017 Louisville Lamar Jackson
91%
2016 Louisville Lamar Jackson
91%
2019 Ohio State Chase Young
89%
2018 Oklahoma Kyler Murray
88%
2023 Ohio State Marvin Harrison Jr.
88%
2021 Pitt Kenny Pickett
87%
2020 Alabama Mac Jones
86%
2014 Oregon Marcus Mariota
85%
2013 Florida State Jameis Winston
83%
2022 TCU Max Duggan
83%
2022 Georgia Stetson Bennett
83%
2016 Clemson Deshaun Watson
82%
2015 Clemson Deshaun Watson
82%
2019 Oklahoma Jalen Hurts
81%
2015 Alabama Derrick Henry
80%
2012 Texas A&M Johnny Manziel
80%
2015 Stanford Christian McCaffrey
77%
2019 Ohio State Justin Fields
77%
2010 Auburn Cam Newton
76%
2017 Penn State Saquon Barkley
76%
2018 Alabama Tua Tagovailoa
75%
2021 Michigan Aidan Hutchinson
73%
2011 Baylor Robert Griffin III
73%
2011 Stanford Andrew Luck
70%
2010 Stanford Andrew Luck
70%
2018 Ohio State Dwayne Haskins
57%
2020 Florida Kyle Trask
57%
2012 Notre Dame Manti Te'o
54%
2013 Alabama AJ McCarron
50%
2017 Stanford Bryce Love
50%
2014 Wisconsin Melvin Gordon
50%
2011 Alabama Trent Richardson
44%
2018 West Virginia Will Grier
41%
2010 Boise State Kellen Moore
35%
2014 Alabama Amari Cooper
33%
2012 Kansas State Collin Klein
33%
2014 TCU Trevone Boykin
32%
2016 Oklahoma Dede Westbrook
27%
2011 Wisconsin Montee Ball
25%
2010 Oregon LaMichael James
22%
2013 Northern Illinois Jordan Lynch
20%
2012 USC Marqise Lee
10%
No matching quizzes found
Score Distribution
Percent of People with Each Score
Percentile by Number Answered
Your Score History
You have not taken this quiz